| 000 | 00891nam a2200277Ia 4500 | ||
|---|---|---|---|
| 005 | 20221115155329.0 | ||
| 008 | 210716s2014 xx 000 0 und d | ||
| 020 | _a9788126549221 | ||
| 040 | _cAIMIT LIBRARY | ||
| 041 | _aeng | ||
| 082 |
_a621.3821 _21 _bDRAJ |
||
| 100 |
_aDrake, Joshua J. _962059 |
||
| 245 |
_aAndroid hackers handbook / _cBy Joshua J Drake...et.al |
||
| 250 | _a1st ed. | ||
| 260 |
_aNew Delhi : _bWILEY , _c2014. |
||
| 300 |
_axxix,545p. ; _c23 cm. |
||
| 650 |
_aLooking at the ecosystem _962060 |
||
| 650 |
_aAndroid security design and architecture _962061 |
||
| 650 |
_aFinding vulnerabilities with fuzz testing _962062 |
||
| 700 |
_aFora, Pau Oliva. _962063 |
||
| 700 |
_aLanier, Zach. _962064 |
||
| 700 |
_aMulliner, Collin. _962065 |
||
| 700 |
_aRidley, Stephen A. _962066 |
||
| 700 |
_aWicherski, Georg. _962067 |
||
| 942 |
_2ddc _cBK _e1st _k621.3821 DRAJ |
||
| 999 |
_c194256 _d194256 |
||